Statistics for Movies By Clue #5

Click here to take the quiz!

General Stats

  • This quiz has been taken 474 times
  • The average score is 10 of 21

Answer Stats

Hint Answer % Correct
Punching Meat, Apollo Creed, AdrianRocky
81%
Rules One And Two, The Pixies, SoapFight Club
79%
Stoned Turtles, Clownfish, DarlaFinding Nemo
78%
Woody, Randy Newman, Army MenToy Story
73%
Mohawk, You Talkin' To Me, Jodie FosterTaxi Driver
68%
Boston, Impossible Mathematics, Softspoken Robin WilliamsGood Will Hunting
67%
Royale With Cheese, Biblical References, The GimpPulp Fiction
64%
AIDS, Rodeo, Jared Leto In DragDallas Buyers Club
56%
I Need Sustenance, Mjolnir, Frost GiantsThor
48%
Hattori Hanzo, Five Point Palm Exploding Heart Technique, Black MambaKill Bill
47%
All That Jazz, Richard Gere, Razzle DazzleChicago
47%
Nobody Tosses A Dwarf, Shadowfax, Uruk HaiThe Lord of The Rings: The Two Towers
40%
GloboGym, White Goodman's Shiny Shoes, Chuck NorrisDodgeball
40%
It's Not A Tumor, Detective Kimble, FeretsKindergarten Cop
39%
Short Round, Sankara Stones, Kali MaIndiana Jones & The Temple of Doom
39%
Donovan, What Do You Mean I'm Funny, Go Get Your ShineboxGoodfellas
37%
Terence Fletcher, Not Quite My Tempo, DrummingWhiplash
30%
Frank Costello, Rats, Matt DamonThe Departed
30%
Huey Lewis & The News, Paul Allen, YuppiesAmerican Psycho
18%
Billy Bibbit, Euthanasia, The ChiefOne Flew Over The Cuckoos Nest
14%
Gigilo Joe, Talking Teddybear, Robotic NihilismA.I.
11%

Score Distribution

Percentile by Number Answered

Percent of People with Each Score

Your Score History

You have not taken this quiz